| Art - Music/Opera | 4 | 12.50 | 75% | 50% | 0% |
| Art - Other | 1 | 10.00 | 100% | 0% | 0% |
| Art - Painting/Sculpture | 5 | 10.00 | 60% | 20% | 20% |
| Art - Visual | 1 | 10.00 | 0% | 100% | 0% |
| Current Events/Modern World - Rest of world political | 1 | 10.00 | 100% | 0% | 0% |
| Current Events/Modern World - United States social | 1 | 10.00 | 100% | 0% | 0% |
| Geography - Europe | 1 | 30.00 | 100% | 100% | 100% |
| Geography - Oceania/Pacific | 1 | 20.00 | 100% | 100% | 0% |
| History - American | 4 | 7.50 | 75% | 0% | 0% |
| History - European | 6 | 15.00 | 83% | 67% | 0% |
| History - Other | 5 | 10.00 | 100% | 0% | 0% |
| History - World | 6 | 10.00 | 100% | 0% | 0% |
| Literature - American long fiction | 3 | 10.00 | 100% | 0% | 0% |
| Literature - American poetry | 3 | 13.33 | 100% | 33% | 0% |
| Literature - British drama | 1 | 0.00 | 0% | 0% | 0% |
| Literature - British poetry | 2 | 10.00 | 100% | 0% | 0% |
| Literature - British short fiction | 1 | 10.00 | 100% | 0% | 0% |
| Literature - European any | 2 | 10.00 | 100% | 0% | 0% |
| Literature - European long fiction | 4 | 5.00 | 25% | 25% | 0% |
| Literature - World/Misc any | 1 | 10.00 | 100% | 0% | 0% |
| Literature - World/Misc drama | 1 | 10.00 | 100% | 0% | 0% |
| Literature - World/Misc long fiction | 1 | 10.00 | 100% | 0% | 0% |
| Literature - World/Misc poetry | 1 | 10.00 | 100% | 0% | 0% |
| Literature - World/Misc short fiction | 1 | 0.00 | 0% | 0% | 0% |
| Mythology - Americas | 1 | 10.00 | 100% | 0% | 0% |
| Mythology - Greco/Roman | 1 | 20.00 | 100% | 100% | 0% |
| Mythology - Mixed/Any | 1 | 10.00 | 100% | 0% | 0% |
| Other Academic/Cross-Category - Any | 2 | 15.00 | 100% | 50% | 0% |
| Philosophy - 20th century | 1 | 0.00 | 0% | 0% | 0% |
| Philosophy - Ancient | 1 | 10.00 | 100% | 0% | 0% |
| Philosophy - Medieval | 1 | 0.00 | 0% | 0% | 0% |
| Philosophy - Mixed/Any | 2 | 5.00 | 50% | 0% | 0% |
| Philosophy - Pre-20th | 1 | 10.00 | 100% | 0% | 0% |
| Religion - Christianity/Judaism | 2 | 10.00 | 100% | 0% | 0% |
| Religion - Hinduism | 1 | 10.00 | 100% | 0% | 0% |
| Religion - Islam | 1 | 20.00 | 100% | 100% | 0% |
| Religion - Mixed/Any | 1 | 0.00 | 0% | 0% | 0% |
| Science - Biology | 1 | 10.00 | 100% | 0% | 0% |
| Science - Chemistry | 8 | 15.00 | 88% | 63% | 0% |
| Science - Compsci | 2 | 30.00 | 100% | 100% | 100% |
| Science - Earth | 1 | 20.00 | 100% | 100% | 0% |
| Science - Other | 4 | 20.00 | 100% | 75% | 25% |
| Science - Other/CL/Misc | 1 | 20.00 | 100% | 100% | 0% |
| Science - Physics | 4 | 17.50 | 100% | 25% | 50% |
| Social Science - Anthropology | 1 | 0.00 | 0% | 0% | 0% |
| Social Science - Economics | 1 | 10.00 | 100% | 0% | 0% |
| Social Science - Law | 1 | 0.00 | 0% | 0% | 0% |
| Social Science - Linguistics | 1 | 20.00 | 100% | 100% | 0% |
| Social Science - Mixed/Any | 1 | 0.00 | 0% | 0% | 0% |
| Social Science - Psychology | 1 | 10.00 | 100% | 0% | 0% |